Tous les jeux mario sorties sur wii U - Statistiques

Statistiques générales
  • Ce quiz a été pris 61 fois
    47 depuis la dernière actualisation
  • Le résultat moyen est 5 sur 11
Statistiques - réponses
Date sortie Nom % Correct
05/2014 Mario Kart 8
86%
11/2012 New Super Mario Bros. U
81%
11/2013 Super Mario 3D World
78%
03/2015 Mario Party 10
59%
09/2015 Super Mario Maker
54%
10/2016 Paper Mario Color Splash
49%
11/2015 Mario Tennis Ultra Smash
30%
06/2016 Mario et Sonic aux Jeux Olympiques de Rio 2016
27%
12/2013 Mario et Sonic aux Jeux Olympiques d'hiver de Sotchi 2014
19%
03/2015 Mario vs Donkey Kong Tipping Star
5%
28/04/2016 Mini Mario & Friends : Amiibo Challenge
3%
Aucun quiz correspondant
Distribution des résultats
% des personnes avec chaque résultat
Percentile par nombre de réponses
Votre historique - résultats
Vous n’avez pas pris ce quiz depuis la dernière actualisation